Obras escogidas de D. Emilio Castelar. (Registro nro. 65173)

Detalles MARC
000 - Líder
Campo de control de longitud fija 00575nam a22002057a 4500
003 - Identificador de número de control
Campo de control OSt
005 - Fecha y hora de la última transacción
Campo de control 20260630085221.0
008 - Elementos de datos de longitud fija - Información general
Campo de control de longitud fija 260630b ar ||||| |||| 00| | spa d
040 ## - Fuente de catalogación
Agencia de catalogación HCSPBA
041 ## - Código de idioma
Idioma Español
942 ## - Elementos de entrada adicional
Tipo de ítem LIBROS
100 ## - Autor
Nombre personal Castelar, Emilio
245 ## - Título propiamente dicho
Título Obras escogidas de D. Emilio Castelar.
Número de parte/sección de una obra Tomo 12.
Nombre de la parte/sección de una obra Discursos parlamentarios en la Asamblea Constituyente, III
260 ## - Publicación, Distribución, etc.
Lugar de publicación, distribución, etc. Madrid.
Nombre del editor, distribuidor, etc. Librería San Martín.
Fecha de publicación, distribución, etc. [19--].
300 ## - Descripción física
Extensión v.
650 ## - Asunto - Temas
Tema HISTORIA
650 ## - Asunto - Temas
Tema POLITICA CULTURAL
651 ## - Asunto - Nombre geográfico
Nombre geográfico ESPAÑA
690 ## - Término no controlado
Término no controlado IDEOLOGIAS POLITICAS
999 ## -
-- 65173
-- 134642
Existencias
Biblioteca depositaria Tipo de ítem Colección Signatura topográfica Código de barra Préstamo - Restricciones Fecha de adquisición
Biblioteca Legislativa y Pública "Eva Perón" LIBROS Fondo general 1741 T.12 LEG-LIB-032741 Sala de lectura 30.06.2026

Con tecnología Koha